Statistics for Modern day countries of my empire

Click here to take the quiz!

General Stats

  • This quiz has been taken 34 times
  • The average score is 6 of 12

Answer Stats

Country% Correct
United Kingdom
86%
France
79%
Germany
69%
Spain
66%
Italy
59%
Portugal
59%
Belgium
41%
Austria
38%
Iceland
17%
Kenya
17%
Somalia
14%
Thailand
14%

Score Distribution

Percentile by Number Answered

Percent of People with Each Score

Your Score History

You have not taken this quiz